[Event "Berlin-ch QT"]
[White "Uckar, Klaudijo"]
[Black "Jaeger, Andre"]
[Site "Berlin"]
[Round "1"]
[Result "1/2-1/2"]
[Date "2019.04.20"]
[WhiteElo "1768"]
[BlackElo "1947"]
[PlyCount "71"]
[EventDate "2019.04.20"]
[EventType "swiss"]
[EventRounds "9"]
[EventCountry "GER"]
[SourceTitle "EXT 2020"]
[Source "ChessBase"]
[SourceDate "2019.10.17"]
[SourceVersion "1"]
[SourceVersionDate "2019.10.17"]
[SourceQuality "1"]

1. Nf3 c5 2. e4 Nc6 3. d4 cxd4 4. Nxd4 Nf6 5. Nc3 e5 6. Nb3 Bb4 7. Bd3 d5 8. exd5 Nxd5 9. Bd2 Nxc3 10. bxc3 Be7 11. 0-0 0-0 12. Kh1 f5 13. f3 Be6 14. Qe2 Rc8 15. Bb5 Bd6 16. Rfd1 Qe7 17. Qf2 a6 18. Be2 Ba3 19. Rab1 Rfd8 20. Qg3 f4 21. Qf2 Bf5 22. Be1 b5 23. Bd3 Be6 24. Qb6 Qa7 25. Qg1 Qxg1+ 26. Kxg1 Ne7 27. Be4 Bd5 28. Bh4 Bxe4 29. fxe4 Rxd1+ 30. Rxd1 Rxc3 31. Rd7 Kf7 32. Ra7 Rxc2 33. Rxa6 Rxa2 34. Kf1 h6 35. Be1 Ng8 36. Bb4 1/2-1/2

[Event "Berlin-ch QT"]
[White "Treskow, Anatol"]
[Black "Uckar, Klaudijo"]
[Site "Berlin"]
[Round "2"]
[Result "1-0"]
[Date "2013.03.31"]
[WhiteElo "2058"]
[BlackElo "1827"]
[PlyCount "53"]
[EventDate "2013.03.30"]
[EventType "swiss"]
[EventRounds "9"]
[EventCountry "GER"]
[SourceTitle "EXT 2023"]
[Source "ChessBase"]
[SourceDate "2022.10.05"]
[SourceVersion "1"]
[SourceVersionDate "2022.10.05"]
[SourceQuality "1"]

1. e4 c5 2. Nf3 d6 3. d4 cxd4 4. Nxd4 Nf6 5. Nc3 a6 6. Be2 e6 7. 0-0 Be7 8. f4 Nc6 9. Kh1 Qb6 10. Be3 Qxb2 11. Qd2 0-0 12. a3 Nxd4 13. Bxd4 e5 14. Rfb1 Nxe4 15. Qd3 exd4 16. Nxe4 Qxa1 17. Rxa1 b5 18. Qg3 d5 19. Ng5 h6 20. Nf3 Bc5 21. Bd3 Ra7 22. Ne5 f6 23. Ng4 Kh8 24. Qh4 Kg8 25. Qh5 f5 26. Ne5 Re7 27. Ng6 1-0

[Event "Berlin Werner Ott op"]
[White "Kambor, Joachim"]
[Black "Uckar, Klaudijo"]
[Site "Berlin"]
[Round "7"]
[Result "1-0"]
[Date "2012.07.13"]
[WhiteElo "2086"]
[BlackElo "1849"]
[PlyCount "83"]
[EventDate "2012.07.07"]
[EventType "swiss"]
[EventRounds "9"]
[EventCountry "GER"]
[SourceTitle "CBM 149 Extra"]
[Source "ChessBase"]
[SourceDate "2012.08.24"]
[SourceVersion "1"]
[SourceVersionDate "2012.08.24"]
[SourceQuality "1"]

1. d4 d5 2. c4 c6 3. Nc3 Nf6 4. e3 Bf5 5. cxd5 cxd5 6. Qb3 Qb6 7. Nxd5 Nxd5 8. Qxd5 e6 9. Qb5+ Qxb5 10. Bxb5+ Kd8 11. Bd2 Bd6 12. Nf3 a6 13. Be2 f6 14. 0-0 g5 15. Rfd1 h5 16. Ne1 g4 17. Bd3 Bxd3 18. Nxd3 h4 19. Nc5 Bxc5 20. dxc5 Ke7 21. Bc3 h3 22. Rd2 hxg2 23. Rad1 Kf7 24. Kxg2 Kg6 25. Rd6 Re8 26. Kg3 f5 27. Rb6 Ra7 28. Rbd6 Re7 29. b4 Nc6 30. a4 Ra8 31. Rd7 Rae8 32. Rxe7 Rxe7 33. Rd6 Kf7 34. Kf4 Kg6 35. e4 fxe4 36. Kxg4 Kf7 37. Kf4 Rc7 38. Kxe4 Ne7 39. Bd2 Nf5 40. Rd3 Kg6 41. Ke5 b6 42. cxb6 1-0

[Event "Berlin Werner Ott op"]
[White "Uckar, Klaudijo"]
[Black "Figura, Atila Gajo"]
[Site "Berlin"]
[Round "1"]
[Result "0-1"]
[Date "2012.07.07"]
[WhiteElo "1849"]
[BlackElo "2349"]
[PlyCount "70"]
[EventDate "2012.07.07"]
[EventType "swiss"]
[EventRounds "9"]
[EventCountry "GER"]
[SourceTitle "CBM 149 Extra"]
[Source "ChessBase"]
[SourceDate "2012.08.24"]
[SourceVersion "1"]
[SourceVersionDate "2012.08.24"]
[SourceQuality "1"]

1. d4 Nf6 2. c4 d6 3. g3 Nbd7 4. Nf3 g6 5. Bg2 Bg7 6. 0-0 0-0 7. Nc3 e5 8. Bg5 h6 9. Bxf6 Bxf6 10. dxe5 dxe5 11. Qc2 c6 12. Rad1 Qe7 13. a3 Bg7 14. e4 Nc5 15. b4 Ne6 16. c5 f5 17. exf5 gxf5 18. Ne2 Bd7 19. Nh4 f4 20. Ng6 Qf7 21. Nxf8 Rxf8 22. f3 Nc7 23. Nc3 Bf5 24. Qa2 Be6 25. Qd2 Bb3 26. Rc1 Ne6 27. Ne4 Bd5 28. Rfe1 Nd4 29. Qf2 fxg3 30. Qxg3 Kh8 31. Rc3 Rg8 32. Qh4 Ne6 33. Rce3 Nf4 34. Ng3 Kh7 35. Rxe5 Nxg2 0-1

[Event "Berlin-ch Seniors op 27th"]
[White "Kollberg, Lothar"]
[Black "Uckar, Klaudijo"]
[Site "Berlin"]
[Round "4"]
[Result "1-0"]
[Date "2011.02.01"]
[WhiteElo "2037"]
[BlackElo "1771"]
[PlyCount "145"]
[EventDate "2011.01.29"]
[EventType "swiss"]
[EventRounds "9"]
[EventCountry "GER"]
[SourceTitle "EXT 2012"]
[Source "ChessBase"]
[SourceDate "2011.11.24"]
[SourceVersion "1"]
[SourceVersionDate "2011.11.24"]
[SourceQuality "1"]

1. d4 d5 2. c4 c6 3. Nc3 Nf6 4. Nf3 dxc4 5. a4 Bf5 6. e3 Nbd7 7. Bxc4 e6 8. Qe2 Ne4 9. 0-0 Bb4 10. Nxe4 Bxe4 11. Nd2 Bg6 12. Nb3 Qh4 13. f3 Bd6 14. g3 Qh3 15. e4 Nb6 16. Bd3 e5 17. dxe5 Bxe5 18. a5 Nd7 19. Be3 0-0 20. Rac1 Bc7 21. a6 bxa6 22. Rxc6 Bb6 23. Bxb6 axb6 24. Bxa6 Kh8 25. Bb5 Rfd8 26. Rd6 Nc5 27. Rxd8+ Rxd8 28. Nxc5 bxc5 29. Rd1 Rxd1+ 30. Qxd1 h6 31. Qd8+ Kh7 32. Qd6 Qh5 33. Kg2 Qg5 34. h4 Qc1 35. Qe5 Qd2+ 36. Kf1 Qd1+ 37. Kf2 Qc2+ 38. Be2 f6 39. Qc3 Qxc3 40. bxc3 Bf7 41. Ke3 Kg8 42. Bb5 Kf8 43. Kd3 Ke7 44. Bc4 Be8 45. f4 Kd6 46. Ke3 Bh5 47. Bg8 Bd1 48. Kd3 Bf3 49. Bd5 Bd1 50. Kc4 Be2+ 51. Kb3 Bb5 52. Bc4 Bc6 53. Bd3 Be8 54. Kc4 Kc6 55. Kb3 Kd6 56. Ba6 Bc6 57. Bd3 Be8 58. Bc2 Bh5 59. Kc4 Be8 60. e5+ fxe5 61. fxe5+ Kxe5 62. Kxc5 Ke6 63. Kd4 g5 64. hxg5 hxg5 65. c4 Bh5 66. c5 Bg4 67. Bb3+ Ke7 68. Ke5 Bd7 69. Bd5 Bc8 70. Be4 Bd7 71. Bb7 Bh3 72. c6 Bg2 73. Kf5 1-0

[Event "Berlin-ch Seniors op 27th"]
[White "Uckar, Klaudijo"]
[Black "Gnass, Erhard"]
[Site "Berlin"]
[Round "1"]
[Result "1-0"]
[Date "2011.01.29"]
[WhiteElo "1771"]
[BlackElo "1403"]
[PlyCount "115"]
[EventDate "2011.01.29"]
[EventType "swiss"]
[EventRounds "9"]
[EventCountry "GER"]
[SourceTitle "EXT 2012"]
[Source "ChessBase"]
[SourceDate "2011.11.24"]
[SourceVersion "1"]
[SourceVersionDate "2011.11.24"]
[SourceQuality "1"]

1. e4 d5 2. e5 c5 3. Nf3 Bg4 4. h3 Bxf3 5. Qxf3 e6 6. c3 Ne7 7. d4 Ng6 8. Bb5+ Nc6 9. 0-0 a6 10. Bxc6+ bxc6 11. b3 cxd4 12. cxd4 Be7 13. Bb2 0-0 14. Rc1 Rc8 15. Qd3 Qb6 16. Nc3 h6 17. Na4 Qb5 18. Qg3 Bh4 19. Qf3 Be7 20. Nc5 Nh4 21. Qd1 Bxc5 22. Rxc5 Qb7 23. Qd3 Nf5 24. Ba3 Rfe8 25. Rac1 Ne7 26. g4 Rc7 27. f4 Qa8 28. f5 Nc8 29. Qd2 Na7 30. f6 Nb5 31. Bb2 Qd8 32. g5 h5 33. fxg7 Kxg7 34. h4 Ree7 35. Qe2 Qh8 36. Rxc6 Rxc6 37. Rxc6 Qh7 38. Qf2 Qf5 39. Qxf5 exf5 40. a4 Na7 41. Rf6 Rc7 42. Rxf5 Rc2 43. Rf2 Rc7 44. Kg2 Nc8 45. Ba3 a5 46. Bc5 Rb7 47. Rb2 Kg6 48. Kf3 Kf5 49. b4 axb4 50. Rxb4 Rxb4 51. Bxb4 Nb6 52. a5 Nc4 53. Bc3 Ke6 54. Kf4 Ke7 55. a6 Nb6 56. Ba5 Na8 57. Kf5 Ke8 58. Kf6 1-0

[Event "Berlin qualification op"]
[White "Uckar, Klaudijo"]
[Black "Shapiro, Yosip"]
[Site "Berlin"]
[Round "2"]
[Result "0-1"]
[Date "2010.04.04"]
[WhiteElo "1857"]
[BlackElo "2115"]
[PlyCount "54"]
[EventDate "2010.04.03"]
[EventType "swiss"]
[EventRounds "9"]
[EventCountry "GER"]
[SourceTitle "EXT 2012"]
[Source "ChessBase"]
[SourceDate "2011.11.24"]
[SourceVersion "1"]
[SourceVersionDate "2011.11.24"]
[SourceQuality "1"]

1. e4 c5 2. Nf3 Nc6 3. c3 e6 4. d3 Nf6 5. Be2 d5 6. e5 Nd7 7. Bf4 Be7 8. 0-0 g5 9. Bg3 h5 10. h3 Qb6 11. Qc2 g4 12. hxg4 hxg4 13. Nh2 Ndxe5 14. Nxg4 Ng6 15. Nd2 f5 16. d4 cxd4 17. Nf3 Rg8 18. Nge5 f4 19. Nxg6 fxg3 20. Nxe7 Nxe7 21. Nxd4 e5 22. Bh5+ Kd8 23. Nf3 Qh6 24. Bf7 Rf8 25. fxg3 Rxf7 26. Rae1 e4 27. Nd2 Qb6+ 0-1

[Event "Berlin-ch Seniors op 26th"]
[White "Nietsch, Horst"]
[Black "Uckar, Klaudijo"]
[Site "Berlin"]
[Round "7"]
[Result "1/2-1/2"]
[Date "2010.02.15"]
[WhiteElo "1916"]
[BlackElo "1653"]
[PlyCount "114"]
[EventDate "2010.02.09"]
[EventType "swiss"]
[EventRounds "9"]
[EventCountry "GER"]
[SourceTitle "EXT 2012"]
[Source "ChessBase"]
[SourceDate "2011.11.24"]
[SourceVersion "1"]
[SourceVersionDate "2011.11.24"]
[SourceQuality "1"]

1. Nf3 Nf6 2. c4 g6 3. Nc3 Bg7 4. g3 d6 5. d4 0-0 6. Bg2 c6 7. 0-0 Qc7 8. e4 e5 9. d5 cxd5 10. cxd5 a6 11. h3 Nbd7 12. Be3 b5 13. Rc1 Qb7 14. b4 Nb6 15. Nd2 Bd7 16. Re1 Rac8 17. Qb3 Rc7 18. Ne2 Rfc8 19. Rxc7 Rxc7 20. Rc1 Rxc1+ 21. Nxc1 Qc7 22. Ne2 h5 23. Kh2 Nc8 24. Qc3 Qxc3 25. Nxc3 Ne8 26. Nb3 Kh7 27. f3 Bh6 28. Bf2 f5 29. Ne2 Bg5 30. f4 Bf6 31. fxe5 Bxe5 32. Nbd4 Ne7 33. exf5 Nxf5 34. Nc6 Bxc6 35. dxc6 h4 36. Be4 hxg3+ 37. Nxg3 Nxg3 38. Bxg3 Kg7 39. Bxe5+ dxe5 40. Kg3 Kf6 41. Kg4 Nc7 42. Bc2 Ne6 43. a4 bxa4 44. Bxa4 Ke7 45. Bc2 Nf8 46. Kg5 Kd6 47. Be4 Ne6+ 48. Kf6 g5 49. Bf5 Nd4 50. Kxg5 Kxc6 51. Bd3 Ne6+ 52. Kf6 Nf4 53. Bxa6 Nxh3 54. Kxe5 Ng5 55. Bc4 Nf3+ 56. Ke4 Nd2+ 57. Kd4 Nf3+ 1/2-1/2

[Event "Berlin-ch Seniors op 26th"]
[White "Durth, Konrad"]
[Black "Uckar, Klaudijo"]
[Site "Berlin"]
[Round "5"]
[Result "1/2-1/2"]
[Date "2010.02.13"]
[WhiteElo "1818"]
[BlackElo "1653"]
[PlyCount "59"]
[EventDate "2010.02.09"]
[EventType "swiss"]
[EventRounds "9"]
[EventCountry "GER"]
[SourceTitle "EXT 2012"]
[Source "ChessBase"]
[SourceDate "2011.11.24"]
[SourceVersion "1"]
[SourceVersionDate "2011.11.24"]
[SourceQuality "1"]

1. e4 c5 2. c3 e6 3. d4 Nf6 4. Bg5 cxd4 5. cxd4 Qa5+ 6. Bd2 Qb6 7. Qc2 Nc6 8. Nf3 Nb4 9. Bxb4 Bxb4+ 10. Nc3 0-0 11. Bd3 g6 12. 0-0 a6 13. Rfd1 d5 14. e5 Nh5 15. Qd2 Be7 16. g4 Ng7 17. h4 f5 18. exf6 Bxf6 19. Ne2 Ne8 20. h5 Bg7 21. Kg2 e5 22. Nh2 e4 23. Bc2 gxh5 24. gxh5 Bh6 25. Qc3 Rf7 26. Rg1 Kh8 27. Kh1 Rxf2 28. Qg3 Rf8 29. Qe5+ Bg7 30. Qxd5 1/2-1/2

[Event "Berlin Lichtenberger op 8th"]
[White "Uckar, Klaudijo"]
[Black "Mai, Andreas"]
[Site "Berlin"]
[Round "9"]
[Result "1/2-1/2"]
[Date "2009.08.23"]
[WhiteElo "1875"]
[BlackElo "1950"]
[PlyCount "85"]
[EventDate "2009.08.15"]
[EventType "swiss"]
[EventRounds "9"]
[EventCountry "GER"]
[SourceTitle "CBM 131 Extra"]
[Source "ChessBase"]
[SourceDate "2009.09.03"]
[SourceVersion "2"]
[SourceVersionDate "2009.09.16"]
[SourceQuality "1"]

1. e4 d6 2. Nf3 Nf6 3. d3 g6 4. c4 Bg7 5. Be2 0-0 6. Nc3 Nc6 7. 0-0 e5 8. Bg5 h6 9. Bh4 Ne7 10. Ne1 c6 11. Nc2 Ne8 12. Ne3 Qc7 13. g4 f5 14. gxf5 gxf5 15. exf5 Nxf5 16. Nxf5 Bxf5 17. Kh1 Kh8 18. Rg1 Nf6 19. Qd2 Qf7 20. Qe3 Nh5 21. Bg3 Bh7 22. Ne4 Bxe4+ 23. Qxe4 Nf6 24. Qf5 Nd7 25. Qxf7 Rxf7 26. Rab1 Nc5 27. b4 Ne6 28. Kg2 Nd4 29. Bh5 Rf5 30. Bg6 Rff8 31. Rge1 Rad8 32. Bh4 Bf6 33. Bg3 Rg8 34. Be4 h5 35. h4 Rg4 36. Rh1 Rdg8 37. Kf1 R8g7 38. a4 Kg8 39. b5 c5 40. a5 Kf8 41. Bg2 Bd8 42. a6 b6 43. Bb7 1/2-1/2

[Event "Berlin Lichtenberger op 8th"]
[White "Knaak, Hans"]
[Black "Uckar, Klaudijo"]
[Site "Berlin"]
[Round "5"]
[Result "1/2-1/2"]
[Date "2009.08.19"]
[WhiteElo "1910"]
[BlackElo "1875"]
[PlyCount "203"]
[EventDate "2009.08.15"]
[EventType "swiss"]
[EventRounds "9"]
[EventCountry "GER"]
[SourceTitle "CBM 131 Extra"]
[Source "ChessBase"]
[SourceDate "2009.09.03"]
[SourceVersion "2"]
[SourceVersionDate "2009.09.16"]
[SourceQuality "1"]

1. d4 d5 2. c4 e6 3. Nc3 Be7 4. Nf3 Nf6 5. Bg5 h6 6. Bh4 0-0 7. e3 b6 8. cxd5 Nxd5 9. Nxd5 exd5 10. Bg3 Be6 11. a3 Nd7 12. Rc1 c5 13. Bd3 c4 14. Bb1 b5 15. 0-0 a5 16. Ne5 Nxe5 17. Bxe5 f5 18. Qh5 Qe8 19. Qf3 b4 20. Qg3 Qf7 21. axb4 axb4 22. Bf4 g5 23. Bd6 b3 24. Bxe7 Qxe7 25. h4 Rf7 26. hxg5 hxg5 27. Qe5 Qf6 28. Qg3 Rh7 29. f4 g4 30. Kf2 Kg7 31. Rh1 Rah8 32. Rxh7+ Rxh7 33. Rd1 Rh5 34. Rg1 Qf8 35. Ke2 Qa8 36. Qe1 Qa6 37. Qb4 Qa7 38. Qd6 Qf7 39. Qe5+ Kg8 40. Qb8+ Kh7 41. Qb4 Rh2 42. Qe1 Qe8 43. Qg3 Qh5 44. Kf2 Kg6 45. Ke2 Kf6 46. Kf2 Kg6 47. Ke2 Kf6 48. Kf2 Bf7 49. Ke2 Qh8 50. Qf2 Qa8 51. Qe1 Rh8 52. Qb4 Qd8 53. Qb7 Be6 54. Qb4 Qc7 55. Kf2 Rb8 56. Qe1 Qa7 57. Ke2 Qa1 58. Qd2 Rh8 59. Kf2 Qa7 60. Ke2 Qh7 61. Qe1 Qh2 62. Qf2 g3 63. Qf1 Qh5+ 64. Qf3 Qg6 65. Kd2 Rh2 66. Kd1 Qh5 67. Qxh5 Rxh5 68. Ke2 Rh8 69. Kf3 Rg8 70. Rh1 Bd7 71. Rh3 c3 72. bxc3 Rc8 73. Rxg3 Rxc3 74. Rg5 Be6 75. Ke2 Rc1 76. Bd3 b2 77. g4 b1Q 78. Bxb1 Rxb1 79. gxf5 Bxf5 80. Kd2 Rb2+ 81. Ke1 Be4 82. Re5 Ra2 83. Kd1 Bf3+ 84. Ke1 Be4 85. Kd1 Ra3 86. Ke2 Rd3 87. Kf2 Rd2+ 88. Ke1 Rb2 89. Kd1 Rb5 90. Kd2 Bf5 91. Kc3 Be4 92. Kd2 Rb8 93. Kc3 Rd8 94. Kd2 Bf5 95. Kc3 Be6 96. Kd2 Bf5 97. Ke2 Be4 98. Kd2 Rh8 99. Ke2 Rh2+ 100. Ke1 Bf3 101. Kf1 Rh5 102. Kf2 1/2-1/2

[Event "Berlin Lichtenberger op 8th"]
[White "Uckar, Klaudijo"]
[Black "Maslov, Maxim"]
[Site "Berlin"]
[Round "4"]
[Result "1/2-1/2"]
[Date "2009.08.18"]
[WhiteElo "1875"]
[BlackElo "1792"]
[PlyCount "52"]
[EventDate "2009.08.15"]
[EventType "swiss"]
[EventRounds "9"]
[EventCountry "GER"]
[SourceTitle "CBM 131 Extra"]
[Source "ChessBase"]
[SourceDate "2009.09.03"]
[SourceVersion "2"]
[SourceVersionDate "2009.09.16"]
[SourceQuality "1"]

1. e4 c5 2. Nf3 Nc6 3. d4 cxd4 4. Nxd4 g6 5. Nc3 Bg7 6. Be3 Nf6 7. Be2 d5 8. Nxc6 bxc6 9. exd5 Nxd5 10. Nxd5 cxd5 11. Bb5+ Kf8 12. 0-0 Rb8 13. c4 a6 14. Bc6 Bb7 15. cxd5 Bxb2 16. Rb1 Bxc6 17. Rxb2 Rxb2 18. Qd4 f6 19. Qxb2 Qxd5 20. f3 Kf7 21. Re1 Rd8 22. Qb6 Bb5 23. a4 Bxa4 24. Qxa6 Ra8 25. Qb6 Qa5 26. Qb1 Qc7 1/2-1/2

[Event "Berlin-ch Seniors op 25th"]
[White "Glatthor, Thomas"]
[Black "Uckar, Klaudijo"]
[Site "Berlin"]
[Round "7"]
[Result "1-0"]
[Date "2009.02.18"]
[WhiteElo "2000"]
[BlackElo "1861"]
[PlyCount "105"]
[EventDate "2009.02.12"]
[EventType "swiss"]
[EventRounds "9"]
[EventCountry "GER"]
[SourceTitle "EXT 2022"]
[Source "ChessBase"]
[SourceDate "2021.10.06"]
[SourceVersion "1"]
[SourceVersionDate "2021.10.06"]
[SourceQuality "1"]

1. e4 c5 2. Nf3 d6 3. c3 Nf6 4. g3 Nc6 5. d3 e5 6. Bg2 Be7 7. 0-0 0-0 8. h3 a6 9. a4 Qc7 10. Re1 Be6 11. Nbd2 b5 12. Nf1 b4 13. d4 Na5 14. d5 Bd7 15. cxb4 cxb4 16. Bd2 Qb7 17. b3 Rfc8 18. Nh4 Rab8 19. Ne3 g6 20. Rb1 Qa7 21. Kh2 Qd4 22. f3 Nh5 23. Bf1 Bxh4 24. gxh4 Qb6 25. Qe2 Qd8 26. Qf2 Qf6 27. Bxa6 Qf4+ 28. Kg1 Rc5 29. Ng4 Rc2 30. Bxf4 Rxf2 31. Kxf2 exf4 32. e5 Bf5 33. Nh6+ Kg7 34. Nxf5+ gxf5 35. e6 fxe6 36. Rxe6 Rd8 37. Re7+ Kg6 38. Bd3 Rb8 39. Re6+ Nf6 40. Rxd6 Kf7 41. Bxf5 Re8 42. Be6+ Ke7 43. Ra6 Nb7 44. Ra7 Rb8 45. Rg1 Kd6 46. Ra6+ Ke5 47. Re1+ Kd4 48. Bf7 Nd7 49. Rd1+ Kc3 50. d6 Nbc5 51. Rc6 Rf8 52. Be6 Kc2 53. Bxd7 1-0

[Event "Berlin-ch Seniors op 25th"]
[White "Uckar, Klaudijo"]
[Black "Shapiro, Yosip"]
[Site "Berlin"]
[Round "6"]
[Result "0-1"]
[Date "2009.02.17"]
[WhiteElo "1861"]
[BlackElo "2109"]
[PlyCount "48"]
[EventDate "2009.02.12"]
[EventType "swiss"]
[EventRounds "9"]
[EventCountry "GER"]
[SourceTitle "EXT 2022"]
[Source "ChessBase"]
[SourceDate "2021.10.06"]
[SourceVersion "1"]
[SourceVersionDate "2021.10.06"]
[SourceQuality "1"]

1. e4 c5 2. Nf3 Nc6 3. d4 cxd4 4. Nxd4 e5 5. Nb3 Nf6 6. Nc3 Bb4 7. Bd3 d5 8. Nd2 Bxc3 9. bxc3 Qa5 10. Nb3 Qc7 11. exd5 Nxd5 12. c4 Ndb4 13. Ba3 0-0 14. 0-0 Rd8 15. Qf3 a5 16. Bb2 a4 17. Nc5 b6 18. Ne4 f5 19. Ng3 e4 20. Nxe4 Nxd3 21. Nf6+ gxf6 22. cxd3 Ne5 23. Qxa8 Bb7 24. Qxa4 Nf3+ 0-1

[Event "Berlin Eckbauer op 11th"]
[White "Bader, Arnd"]
[Black "Uckar, Klaudijo"]
[Site "Berlin"]
[Round "6.15"]
[Result "1-0"]
[Date "2008.10.13"]
[WhiteElo "1947"]
[BlackElo "1861"]
[PlyCount "51"]
[EventDate "2008.09.08"]
[EventType "swiss"]
[EventRounds "6"]
[EventCountry "GER"]
[SourceTitle "EXT 2022"]
[Source "ChessBase"]
[SourceDate "2021.10.06"]
[SourceVersion "1"]
[SourceVersionDate "2021.10.06"]
[SourceQuality "1"]

1. d4 d5 2. c4 c6 3. e3 Nf6 4. Nc3 e6 5. Qc2 Bd6 6. Nf3 Nbd7 7. g4 dxc4 8. Bxc4 Nxg4 9. Rg1 Nh6 10. e4 Bf8 11. Bg5 Qc7 12. 0-0-0 Nb6 13. Bb3 f6 14. Be3 Qe7 15. d5 exd5 16. Bxh6 gxh6 17. exd5 Qd6 18. Qe4+ Be7 19. Rg7 Kf8 20. dxc6 Kxg7 21. Rxd6 Bxd6 22. cxb7 Rb8 23. bxc8Q Rhxc8 24. Qg4+ Kf8 25. Qe6 Be5 26. Kb1 1-0

[Event "Berlin-ch Seniors op 24th"]
[White "Uckar, Klaudijo"]
[Black "Zum Winkel, Wolfgang"]
[Site "Berlin"]
[Round "8"]
[Result "0-1"]
[Date "2008.02.28"]
[WhiteElo "1698"]
[BlackElo "1869"]
[PlyCount "154"]
[EventDate "2008.02.21"]
[EventType "swiss"]
[EventRounds "9"]
[EventCountry "GER"]
[SourceTitle "EXT 2022"]
[Source "ChessBase"]
[SourceDate "2021.10.06"]
[SourceVersion "1"]
[SourceVersionDate "2021.10.06"]
[SourceQuality "1"]

1. e4 b6 2. d4 Bb7 3. Nc3 Nf6 4. Bd3 e6 5. Nf3 Bb4 6. Qe2 d5 7. e5 Nfd7 8. a3 Be7 9. Nd1 c5 10. c3 Nc6 11. Be3 c4 12. Bc2 Na5 13. Nd2 h5 14. f4 g6 15. Qf3 b5 16. 0-0 Nb6 17. Nf2 Kd7 18. Nh3 Bc6 19. Ng5 Qg8 20. h4 Kc7 21. Bf2 Bd7 22. Rfb1 Qg7 23. Qd1 Kd8 24. g3 Ke8 25. Be1 Qg8 26. Qf3 Kf8 27. Qg2 Kg7 28. g4 Kf8 29. gxh5 Rxh5 30. Bd1 Rh8 31. b3 Rc8 32. b4 Nb7 33. Ndf3 a6 34. Ra2 Bd8 35. Qg4 Ke7 36. Rh2 Ra8 37. h5 gxh5 38. Rxh5 Rxh5 39. Qxh5 Be8 40. Qh7 Qxh7 41. Nxh7 Kd7 42. Rb2 Kc7 43. Rg2 a5 44. Rg7 axb4 45. axb4 Ra1 46. Be2 Na4 47. Kf2 Ra2 48. Nfg5 Bxg5 49. Nxg5 Nd8 50. Rg8 Bc6 51. Rf8 Rc2 52. Nxf7 Nb7 53. Ng5 Nd8 54. f5 Bd7 55. f6 Nxc3 56. Bxc3 Rxc3 57. f7 Nxf7 58. Rxf7 Kd8 59. Rf3 Rc1 60. Ke3 Rb1 61. Rf6 Rxb4 62. Nxe6+ Kc8 63. Rf8+ Kb7 64. Nc5+ Kc6 65. Nxd7 Kxd7 66. Bg4+ Ke7 67. Rc8 Rb3+ 68. Kf4 Rd3 69. Kf5 Rxd4 70. Rc5 b4 71. Rb5 c3 72. Rb7+ Kd8 73. e6 Rxg4 74. e7+ Ke8 75. Kxg4 c2 76. Rc7 b3 77. Kf5 b2 0-1

[Event "Berlin-ch Seniors op 24th"]
[White "Bauer, Stefan"]
[Black "Uckar, Klaudijo"]
[Site "Berlin"]
[Round "3"]
[Result "1/2-1/2"]
[Date "2008.02.23"]
[WhiteElo "1521"]
[BlackElo "1698"]
[PlyCount "115"]
[EventDate "2008.02.21"]
[EventType "swiss"]
[EventRounds "9"]
[EventCountry "GER"]
[SourceTitle "EXT 2022"]
[Source "ChessBase"]
[SourceDate "2021.10.06"]
[SourceVersion "1"]
[SourceVersionDate "2021.10.06"]
[SourceQuality "1"]

1. Nf3 d5 2. b3 c5 3. e3 Nc6 4. Bb2 Bf5 5. d3 e6 6. g3 Nf6 7. Bg2 Be7 8. 0-0 0-0 9. Nbd2 b5 10. a3 Qb6 11. h3 Rfd8 12. Nh4 Bg6 13. Nxg6 hxg6 14. Qe2 Rac8 15. Nf3 a5 16. Rab1 Qa6 17. Kh2 b4 18. a4 Ne4 19. Qe1 Nd6 20. Rg1 c4 21. Bf1 c3 22. Bc1 Qb6 23. e4 dxe4 24. dxe4 Nd4 25. Nxd4 Qxd4 26. Bd3 Nb7 27. Be3 Qd6 28. Qe2 Nc5 29. Rbd1 Qc6 30. Bb5 Qxe4 31. Rxd8+ Rxd8 32. Rd1 Qf5 33. Rxd8+ Bxd8 34. Qd1 Be7 35. Bd3 Nxd3 36. Qxd3 Qxd3 37. cxd3 c2 38. Bc1 g5 39. Kg2 f5 40. Kf3 Bf6 41. Ke2 Bc3 42. f3 Kf7 43. d4 Bxd4 44. Kd2 Bf6 45. Kxc2 Ke7 46. Be3 Kd7 47. Bb6 Bd8 48. Bd4 g6 49. Kd3 Kd6 50. Kc4 e5 51. Bc5+ Kc6 52. Bf8 Bf6 53. Bc5 Bd8 54. Bf2 Be7 55. g4 e4 56. fxe4 fxe4 57. Be3 Bd8 58. Kd4 1/2-1/2

[Event "Berlin Kreuzberg op"]
[White "Uckar, Klaudijo"]
[Black "Richter, Michael"]
[Site "Berlin"]
[Round "1"]
[Result "0-1"]
[Date "2007.07.20"]
[WhiteElo "1915"]
[BlackElo "2399"]
[PlyCount "71"]
[EventDate "2007.07.20"]
[EventType "swiss"]
[EventRounds "9"]
[EventCountry "GER"]
[SourceTitle "EXT 2008"]
[Source "ChessBase"]
[SourceDate "2007.11.25"]
[SourceVersion "1"]
[SourceVersionDate "2007.11.25"]
[SourceQuality "1"]

1. e4 c5 2. Nf3 Nc6 3. d4 cxd4 4. Nxd4 Nf6 5. Nc3 e5 6. Nb3 Bb4 7. Bg5 h6 8. Bxf6 Bxc3+ 9. bxc3 Qxf6 10. Bb5 0-0 11. Bc4 d6 12. Bd5 Ne7 13. c4 Nxd5 14. cxd5 Qg6 15. Qf3 f5 16. exf5 Bxf5 17. Qg3 Qxg3 18. hxg3 Rac8 19. Rc1 Rxc2 20. Rxc2 Bxc2 21. Nd2 Bd3 22. f3 Rc8 23. Kf2 Rc5 24. Ke3 Rxd5 25. Rc1 Ba6 26. Rc3 Ra5 27. a3 d5 28. Kf2 Kh7 29. g4 d4 30. Rb3 Rc5 31. Ne4 Rc2+ 32. Kg3 d3 33. g5 d2 34. Rb1 Bd3 35. gxh6 Bxe4 36. hxg7 0-1

[Event "Berlin-ch Seniors op 23rd"]
[White "Uckar, Klaudijo"]
[Black "Tuertmann, Dieter"]
[Site "Berlin"]
[Round "2"]
[Result "0-1"]
[Date "2007.02.06"]
[WhiteElo "1695"]
[BlackElo "1858"]
[PlyCount "78"]
[EventDate "2007.02.05"]
[EventType "swiss"]
[EventRounds "9"]
[EventCountry "GER"]
[SourceTitle "EXT 2022"]
[Source "ChessBase"]
[SourceDate "2021.10.06"]
[SourceVersion "1"]
[SourceVersionDate "2021.10.06"]
[SourceQuality "1"]

1. e4 d6 2. d4 Nd7 3. Bc4 e6 4. Nf3 Be7 5. 0-0 Ngf6 6. Nc3 Nxe4 7. Nxe4 d5 8. Bd3 dxe4 9. Bxe4 Nf6 10. Bd3 Bd6 11. c4 c6 12. Qc2 h6 13. b3 0-0 14. Bb2 Qe7 15. a3 Rd8 16. Rfe1 Bd7 17. g3 Rac8 18. Nh4 Qf8 19. Qe2 Nh7 20. f4 Re8 21. b4 Rcd8 22. Nf3 Bc8 23. g4 Bxf4 24. Qe4 Bxh2+ 25. Kxh2 f5 26. Qf4 Nf6 27. gxf5 exf5 28. Kh1 Ng4 29. Ne5 g5 30. Qf3 h5 31. Rf1 Rd6 32. Bxf5 Rf6 33. Bxg4 Rxf3 34. Bxf3 Qh6 35. d5 Bh3 36. dxc6 bxc6 37. Rfe1 g4 38. Rg1 Qd2 39. Bxc6 Qxb2 0-1

[Event "Berlin-ch Seniors op 23rd"]
[White "Zschaebitz, Klaus"]
[Black "Uckar, Klaudijo"]
[Site "Berlin"]
[Round "1"]
[Result "0-1"]
[Date "2007.02.05"]
[WhiteElo "1990"]
[BlackElo "1695"]
[PlyCount "60"]
[EventDate "2007.02.05"]
[EventType "swiss"]
[EventRounds "9"]
[EventCountry "GER"]
[SourceTitle "EXT 2022"]
[Source "ChessBase"]
[SourceDate "2021.10.06"]
[SourceVersion "1"]
[SourceVersionDate "2021.10.06"]
[SourceQuality "1"]

1. d4 Nf6 2. Nf3 g6 3. c4 Bg7 4. Nc3 0-0 5. e4 d6 6. h3 a6 7. Be3 b6 8. Be2 Bb7 9. Nd2 Nc6 10. d5 Ne5 11. g4 c6 12. h4 cxd5 13. cxd5 b5 14. f3 Rc8 15. Qb3 Ned7 16. h5 Nc5 17. Qd1 Nfd7 18. Rc1 Ne5 19. Ndb1 Qa5 20. f4 Nc4 21. Bxc4 bxc4 22. Kf1 Nd3 23. Rc2 e6 24. Qf3 exd5 25. exd5 Nb4 26. Rd2 Nxa2 27. Ne4 c3 28. bxc3 Nxc3 29. Nbxc3 Bxc3 30. hxg6 Qb5+ 0-1